000 00360pab a2200145 454500
008 180718b1988 xxu||||| |||| 00| 0 eng d
100 _aPeters, Tom
245 _aFacing up to the need for a management revolution
260 _c1988
300 _a7-38
362 _aWinter
650 _aManagement
773 _aCalifornia Management Review
909 _a13054
999 _c13054
_d13054